000 00696nam a22002177a 4500
008 160407b xxu||||| |||| 00| 0 eng d
020 _a9780071220064
082 _22010
_aDC 612
_bV34
100 _94939
_aVanPutte, Cinnamon
245 _aSeeley's essentials of anatomy and physiology/
_cCinnamon VanPutte
250 _aSeventh Edition
260 _aBoston:
_bMcGraw-Hill,
_cc2010.
300 _axxv, 661 pages:
_bcolored illustrations;
_c27.5 cm.
500 _aIncludes appendices, glossary and index.
650 0 _94942
_aHuman physiology
650 0 _94943
_aHuman anatomy
700 _94944
_aRegan, Jennifer
700 _94945
_aRusso, Andy
365 _b3,700.00
_cPhp.
942 _2ddc
_cDC
999 _c1585
_d1585